000 00568nam a2200205Ia 4500
005 20250425162836.0
008 250425s9999 xx 000 0 und d
020 _a9788484285823
082 _a791.457
_pSNY
100 _aSnyder, Blake
245 0 _aSalva al gato! : El libro definitivo para la creación de un guión
_cBlake Snyder
250 _aOctava edición
260 _aBarcelona
_bALBA
_c2021
300 _a247 páginas
_c21.50 cm.
650 _aCreación de guión
650 _aGuión
902 _aLibro
_cImpreso
942 _c01
010 _a112400
999 _c237559
_d237559